00530nam a2200181Ia 450000500170000000800410001702000150005808200130007310000180008624500350010425000080013926000390014730000130018650000330019994200060023295200950023899900150033320250516031500.0240331s9999 xx 000 0 und d a9555530017 bAMAa301 aAmarasekara,D 0aSamaja vidyawe mulika sankalpa a7th aVarakapolabAriya pubilshersc2008 a130 p ., aprinciples of Social Science cL 001040708LaWERCLbWERCLcSSCd2024-03-31l0o 301 AMAp6298r2024-03-31w2024-03-31yL c5212d5212